Changing the homebuying process - home information packs and home condition reports (Record no. 85428)
[ view plain ]
| 000 -LEADER | |
|---|---|
| fixed length control field | 02128cam a2200385 4500 |
| 001 - CONTROL NUMBER | |
| control field | J122560 |
| 008 - FIXED-LENGTH DATA ELEMENTS--GENERAL INFORMATION | |
| fixed length control field | #DATE n2003 000 0 eng u |
| 020 ## - INTERNATIONAL STANDARD BOOK NUMBER | |
| International Standard Book Number | 1904388159 |
| 035 ## - SYSTEM CONTROL NUMBER | |
| System control number | (Sirsi) u122560 |
| 041 ## - LANGUAGE CODE | |
| Language code of text/sound track or separate title | eng |
| 050 ## - LIBRARY OF CONGRESS CALL NUMBER | |
| Classification number | 333.33 |
| -- | 18 |
| 100 ## - MAIN ENTRY--PERSONAL NAME | |
| Personal name | Legrand, Christopher |
| 245 ## - TITLE STATEMENT | |
| Title | Changing the homebuying process - home information packs and home condition reports |
| Remainder of title | a CPD study pack |
| 260 ## - PUBLICATION, DISTRIBUTION, ETC. | |
| Place of publication, distribution, etc. | Reading |
| Name of publisher, distributor, etc. | College of Estate Management |
| Date of publication, distribution, etc. | 2003 |
| 300 ## - PHYSICAL DESCRIPTION | |
| Extent | 42p. |
| Dimensions | 30cm. + 1 audio CD (ca. 60 min.) |
| 350 ## - PRICE (NR) (BK AM CF MU VM SE) [OBSOLETE] | |
| Price | 48.50 |
| 490 ## - SERIES STATEMENT | |
| Series statement | College of Estate Management CPD Study Pack |
| 520 ## - SUMMARY, ETC. | |
| Summary, etc. | Major changes and opportunities for all involved in the residential property sales industry result from the contents of the draft Housing Bill. The Bill was published in March 2003 and is due for implementation in the next three years. This study pack looks at why, when and what changes are to be introduced and how they create a new career opportunity of Licensed Home Inspector. It examines the standards of competence and conduct required to be involved in this work and how high standards will be maintained. [CEM]. |
| 520 ## - SUMMARY, ETC. | |
| Summary, etc. | Accompanied by Owlion audio programme "Home information pack/home condition report: an educational aid for the residential property industry" which is also available to borrow separately (J122954). |
| 520 ## - SUMMARY, ETC. | |
| Summary, etc. | Superseded by 2005 edition (ISBN 1904388388). |
| 650 ## - SUBJECT ADDED ENTRY--TOPICAL TERM | |
| Topical term or geographic name entry element | HOME CONDITION REPORTS |
| 650 ## - SUBJECT ADDED ENTRY--TOPICAL TERM | |
| Topical term or geographic name entry element | HOME INFORMATION PACKS |
| 650 ## - SUBJECT ADDED ENTRY--TOPICAL TERM | |
| Topical term or geographic name entry element | PROPERTY-RESIDENTIAL PROPERTY-ACQUISITION AND DISPOSAL OF RESIDENTIAL PROPERTY |
| 650 ## - SUBJECT ADDED ENTRY--TOPICAL TERM | |
| Topical term or geographic name entry element | PROPERTY-RESIDENTIAL PROPERTY-ACQUISITION AND DISPOSAL OF RESIDENTIAL PROPERTY |
| 690 ## - LOCAL SUBJECT ADDED ENTRY--TOPICAL TERM (OCLC, RLIN) | |
| Topical term or geographic name as entry element | PROPERTY-RESIDENTIAL PROPERTY-RESIDENTIAL PROPERTY MARKET |
| 700 ## - ADDED ENTRY--PERSONAL NAME | |
| Personal name | Land, Howard |
| 700 ## - ADDED ENTRY--PERSONAL NAME | |
| Personal name | Creffield, Paul |
| 700 ## - ADDED ENTRY--PERSONAL NAME | |
| Personal name | Dunsmore-Hardy, Hugh |
| 700 ## - ADDED ENTRY--PERSONAL NAME | |
| Personal name | Woodward, David |
| 710 ## - ADDED ENTRY--CORPORATE NAME | |
| Corporate name or jurisdiction name as entry element | College of Estate Management |
| 9 (RLIN) | 400 |
| 710 ## - ADDED ENTRY--CORPORATE NAME | |
| Corporate name or jurisdiction name as entry element | Royal Institution of Chartered Surveyors |
| 9 (RLIN) | 4900 |
| 710 ## - ADDED ENTRY--CORPORATE NAME | |
| Corporate name or jurisdiction name as entry element | Surveyors and Valuers Accreditation |
| 9 (RLIN) | 4232 |
| 710 ## - ADDED ENTRY--CORPORATE NAME | |
| Corporate name or jurisdiction name as entry element | United Kingdom |
| Subordinate unit | Office of the Deputy Prime Minister |
| 942 ## - ADDED ENTRY ELEMENTS (KOHA) | |
| Suppress in OPAC | 0 |
| Withdrawn status | Lost status | Source of classification or shelving scheme | Damaged status | Not for loan | Home library | Current library | Shelving location | Date acquired | Cost, normal purchase price | Total Checkouts | Full call number | Barcode | Date last seen | Date last checked out | Copy number | Cost, replacement price | Price effective from | Koha item type |
|---|---|---|---|---|---|---|---|---|---|---|---|---|---|---|---|---|---|---|
| Dewey Decimal Classification | London | London | Basement | 04/08/2003 | 41.22 | 18 | SHELF 330 | 30067322 | 06/08/2019 | 16/11/2005 | 1 | 41.22 | 06/08/2019 | Audio |